000 00358nam a2200157Ia 4500
008 230605s2003 xx 000 0 und d
041 _aeng
100 _aAnderws
245 _aFood and Beverage Service (Mannul)
260 _bTata Mc Garth
_c2003
_c2003
300 _a192
365 _b100
_h20
500 _a108
520 _aGeneral
650 _aF. B.
999 _c417801
_d417801